UM Logo

On participating in global development. (Record no. 12744)

MARC details
000 -LEADER
fixed length control field 00460nam a2200121 4500
008 - FIXED-LENGTH DATA ELEMENTS--GENERAL INFORMATION
fixed length control field 190131b ||||| |||| 00| 0 eng d
082 ## - DEWEY DECIMAL CLASSIFICATION NUMBER
Classification number DPer 959.9048 P53p May 2013- April 2014 v. 22-23
245 ## - TITLE STATEMENT
Title On participating in global development.
260 ## - PUBLICATION, DISTRIBUTION, ETC. (IMPRINT)
Place of publication, distribution, etc. San Miguel, Manila :
Name of publisher, distributor, etc. OP-Bureau of Communications Services,
Date of publication, distribution, etc. ©May 2013-©Apr 2014.
300 ## - PHYSICAL DESCRIPTION
Extent v22 n3, pages 26-29:
Other physical details illustrations;
Dimensions 23cm.
650 ## - SUBJECT ADDED ENTRY--TOPICAL TERM
Topical term or geographic name as entry element Developing countries.
9 (RLIN) 36208
942 ## - ADDED ENTRY ELEMENTS (KOHA)
Source of classification or shelving scheme Dewey Decimal Classification
Koha item type Periodicals
Holdings
Withdrawn status Lost status Source of classification or shelving scheme Damaged status Not for loan Home library Current library Date acquired Total Checkouts Full call number Date last seen Price effective from Koha item type Public note
    Dewey Decimal Classification     UM Digos College - LIC UM Digos College - LIC 01/31/2019   DPer 959.9048 P53p May 2013- April 2014 v. 22-23 01/31/2019 01/31/2019 Periodicals Periodical article